| 000 | 00838cam a2200253 a 4500 | ||
|---|---|---|---|
| 001 | 000005621 | ||
| 003 | DO-SdBNP | ||
| 005 | 20210928093411.0 | ||
| 007 | ta | ||
| 008 | 930920s 1946 sp b 001 f spa | ||
| 040 |
_aDO-SdBNP _bspa _cBNPHU |
||
| 082 | 4 |
_aBNPHU PD 863.3 _bM777s |
|
| 100 | 1 |
_aMontemayor, Jorge de, _d1520-1561. _915517 |
|
| 245 | 1 | 4 |
_aLos siete libros de la Diana / _cJorge de Montemayor ; prólogo, edición y notas de Francisco López Estrada. |
| 260 |
_aMadrid : _bEspasa Calpe, _c1946. |
||
| 300 |
_axcv, 302 p. ; _c19 cm. |
||
| 490 | 1 |
_aClásicos castellanos _v127 |
|
| 650 | 1 | 4 |
_aNovela española _91123 |
| 650 | 1 | 4 |
_aLiteratura española _ySiglo XVI _915857 |
| 700 | 1 |
_aLópez Estrada, Francisco, _eed. _915559 |
|
| 740 | 0 | _a7 libros de la Diana. | |
| 830 | 0 |
_aClásicos castellanos _v127 _94180 |
|
| 942 |
_2ddc _cLBS1 |
||
| 999 |
_c5420 _d5420 |
||